000 00436nam a2200157Ia 4500
008 240729s9999 xx 000 0 und d
022 _a2590-423X
245 4 _aThe International Journal of Banking and Finance
260 _aMalaysia
260 _bUniversiti Utara Malaysia
650 _a Finance
650 _aSocial Sciences
856 _uhttps://doaj.org/toc/d4b849b616c6441ead289c307c7456aa
942 _2ddc
942 _cDOAJEJ
999 _c68622
_d68622
945 _a1
_bMadushi Gamage
_c1
_dMadushi Gamage